அறிவியல் தகவல் களஞ்சியம் /

Saved in:
Bibliographic Details
Format: Book
Language:English
Tamil
Published: சென்னை : ஓாியன்ட் லாங்மன்,
Subjects:
Tags: Add Tag
No Tags, Be the first to tag this record!

MARC

LEADER 00000nam a22000007a 4500
005 20260407143518.0
008 260407b |||||||| |||| 00| 0 eng d
041 |a tam 
082 |a 500  |b அறிவி 
245 |a அறிவியல் தகவல் களஞ்சியம் /  
260 |a சென்னை :  |b ஓாியன்ட் லாங்மன், 
300 |a 318 பக்.  |b ill;  |c 20.3Cm. 
500 |a Donation 
650 |a  science விஞ்ஞானம்.  |9 116990 
942 |c BK 
999 |c 71045  |d 71045